| 000 -LEADER |
| fixed length control field |
nam a22 a 4500 |
| 003 - CONTROL NUMBER IDENTIFIER |
| control field |
AKMAL |
| 005 - DATE AND TIME OF LATEST TRANSACTION |
| control field |
20170508135118.0 |
| 008 - FIXED-LENGTH DATA ELEMENTS--GENERAL INFORMATION |
| fixed length control field |
170508s1992 my g a10 0 may d |
| 040 ## - CATALOGING SOURCE |
| Original cataloging agency |
AKMAL |
| 082 04 - DEWEY DECIMAL CLASSIFICATION NUMBER |
| Classification number |
297.44 KON |
| Edition number |
22 |
| 090 ## - LOCALLY ASSIGNED LC-TYPE CALL NUMBER (OCLC); LOCAL CALL NUMBER (RLIN) |
| Classification number (OCLC) (R) ; Classification number, CALL (RLIN) (NR) |
297.44 |
| Local cutter number (OCLC) ; Book number/undivided call number, CALL (RLIN) |
KON |
| 110 2# - MAIN ENTRY--CORPORATE NAME |
| Corporate name or jurisdiction name as entry element |
Kongres "Menjelang Abad 21 : Islam dan Wawasan 2020" |
| Date of meeting or treaty signing |
(1992 : |
| Location of meeting |
Kuala Lumpur) |
| 9 (RLIN) |
2272 |
| 245 10 - TITLE STATEMENT |
| Title |
Kongres "Menjelang Abad 21: Islam dan Wawasan 2020", Pusat Dagangan Dunia Putra (PWTC) Kuala Lumpur, 3-4 Julai 1992 : |
| Remainder of title |
[laporan] / |
| Statement of responsibility, etc. |
Institut Kefahaman Islam |
| 260 ## - PUBLICATION, DISTRIBUTION, ETC. |
| Place of publication, distribution, etc. |
[Kuala Lumpur : |
| Name of publisher, distributor, etc. |
Institut Kefahaman Islam], |
| Date of publication, distribution, etc. |
1992 |
| 300 ## - PHYSICAL DESCRIPTION |
| Extent |
ix, [346]ms., [5] lbr. plat ; |
| Dimensions |
25cm |
| 500 ## - GENERAL NOTE |
| General note |
Teks bahasa Melayu dan Inggeris |
| 504 ## - BIBLIOGRAPHY, ETC. NOTE |
| Bibliography, etc. note |
Mengandungi rujukan bibliografi |
| 650 10 - SUBJECT ADDED ENTRY--TOPICAL TERM |
| Topical term or geographic name entry element |
Wawasan 2020 |
| Form subdivision |
Congresses |
| 9 (RLIN) |
2273 |
| 650 20 - SUBJECT ADDED ENTRY--TOPICAL TERM |
| Topical term or geographic name entry element |
Economic development |
| General subdivision |
Religious aspects |
| -- |
Islam |
| Form subdivision |
Congresses |
| 9 (RLIN) |
2274 |
| 650 20 - SUBJECT ADDED ENTRY--TOPICAL TERM |
| Topical term or geographic name entry element |
Islam |
| Chronological subdivision |
21st century |
| Geographic subdivision |
Malaysia |
| 9 (RLIN) |
2275 |
| 650 20 - SUBJECT ADDED ENTRY--TOPICAL TERM |
| Topical term or geographic name entry element |
Islam and science |
| Form subdivision |
Congresses |
| 9 (RLIN) |
2276 |
| 650 20 - SUBJECT ADDED ENTRY--TOPICAL TERM |
| Topical term or geographic name entry element |
Technology |
| General subdivision |
Religious aspects |
| -- |
Islam |
| Form subdivision |
Congresses |
| 9 (RLIN) |
2277 |
| 650 20 - SUBJECT ADDED ENTRY--TOPICAL TERM |
| Topical term or geographic name entry element |
Islam and politics |
| Geographic subdivision |
Malaysia |
| Form subdivision |
Congresses |
| 9 (RLIN) |
2278 |
| 651 ## - SUBJECT ADDED ENTRY--GEOGRAPHIC NAME |
| Geographic name |
Malaysia |
| General subdivision |
Economic policy |
| Form subdivision |
Congresses |
| 9 (RLIN) |
2279 |
| 710 2# - ADDED ENTRY--CORPORATE NAME |
| Corporate name or jurisdiction name as entry element |
Institut Kefahaman Islam Malaysia |
| 9 (RLIN) |
2008 |
| 942 ## - ADDED ENTRY ELEMENTS (KOHA) |
| Source of classification or shelving scheme |
|
| Koha item type |
Book |